| 000 | 00880 a2200205 4500 | ||
|---|---|---|---|
| 001 | 50148 | ||
| 005 | 20260407155802.0 | ||
| 008 | 260407a1949 arg spa d | ||
| 003 | AR-UNSa-BCEJYS | ||
| 040 |
_aAR-UNSa-BCEJYS _bspa _cAR-UNSa-BCEJYS |
||
| 080 |
_a101.1 _xNaturaleza de la filosofía. La filosofía como ciencia. La filosofía como arte (pensamiento filosófico) |
||
| 245 | 1 | 0 | _aNovum organum |
| 264 | 1 |
_aBuenos Aires : _bLosada _c1949 |
|
| 300 |
_a341 p. _c20 cm. |
||
| 505 | _a1. Significado y contenido del Novum Organum por Risieri Frondizi - 2. Proemio a la Instauratio Magna - 3. Dedicatoria al Rey Jacobo I - 4. Prefacio a la Instauratio Magna - 5. Distributio Operis - 6. Prefacio del Novum Organum - 7. Libro I - 8. Libro II | ||
| 942 | _cBK | ||
| 590 | _aniveau_biblio:m niveau_hierar:0 | ||
| 100 | 1 | _aBacon, Francis | |
| 700 | 1 | _aBalmori, Clemente Hernando | |
| 999 |
_c4973 _d4973 |
||